| 000 | 00863cab a2200253 4500 | ||
|---|---|---|---|
| 001 | WB3246-39 | ||
| 008 | 090401t1996 xxu||||| |||| 00| 0 eng d | ||
| 035 | _a(Sirsi) u64428 | ||
| 041 | _aeng | ||
| 245 | _aEuropean Structural Funds review | ||
| 260 | _c1996 | ||
| 350 | _a0 | ||
| 490 |
_aDoE News Release _v(527) 3 December 1996, (3) |
||
| 520 | _aIn England the government is to delegate the administration of European The administration of European Regional Development Funds and the European Social Fund to local partnerships for project selection within an agreed Action Plan. | ||
| 650 | _aEUROPEAN REGIONAL DEVELOPMENT FUND | ||
| 650 | _aEUROPEAN SOCIAL FUND | ||
| 650 | _aOBJECTIVE 1 | ||
| 650 | _aOBJECTIVE 2 | ||
| 650 | _aREGIONAL GRANTS | ||
| 650 | _aSTRUCTURAL FUNDS | ||
| 690 | _aURBAN RENEWAL | ||
| 942 | _n0 | ||
| 948 | _c04/03/1997 | ||
| 999 |
_c40129 _d40129 |
||